000 00545nam a2200193 4500
999 _c6462
_d6462
003 OSt
005 20200123101403.0
008 200123b ||||| |||| 00| 0 eng d
020 _a0387325174
040 _c040a
082 _a306.42
_bHAN 2000
245 _aHandbook of sociology of education /
_cMaureen T. Hallinan
260 _aNew York
_bSpringer
_c2000
300 _axv,588p;
_c28cm.
504 _aIncludes bibliographical references and index
650 _2Educational sociology
700 _4Hallinan, Maureen T.
942 _2ddc
_cO_SHELF